000 00411 a2200157 4500
001 180461
020 _a
040 _cMagnum
100 _aMachado, Nilson Jose
240 1 0 _aVivendo a matematica/os poliedros de platao e os dedos da mao
_lpor
245 1 0 _aVivendo a matematica/os poliedros de platao e os dedos da mao
362 0 _a1899
440 1 _aScipione
697 _aMAGNITO: GERAL
942 _cBK
999 _c180461
_d180461